000 00849cab a2200289 4500
001 ABS49659
008 090401t1993 xxu||||| |||| 00| 0 eng d
035 _a(Sirsi) u72174
041 _aeng
100 _aCodd, M.
245 4 _aThe landlord`s rights to distress: how distressing?
260 _c1993
350 _a0
490 _aSolicitors` Journal
_v137(4) 29 October 1993, 1084-1085; 137(42) 5 Novem
520 _aSets out the restrictions on the landlord`s right to levy distress.
650 _aBANKRUPTCY
650 _aCROWN PROPERTY
650 _aDISTRESS
650 _aInsolvency
_96247
650 _aINSOLVENT TENANTS
650 _aLANDLORD AND TENANT ACT 1709
650 _aLAW OF DISTRESS AMENDMENT ACT 1908
650 _aSERVICE CHARGES
690 _aLandlord and tenant
_96252
942 _n0
948 _c04/03/1997
999 _c45559
_d45559